000 00462nam a2200181Ia 4500
008 240925s9999 xx 000 0 und d
020 _aNA
082 _a796.44 POR
100 _aPorritt, Arthur
245 0 _aMore and More of Memories
250 _aNA
260 _aLondon:
_bGeorge Allen & Unwin
_cNA
300 _aVarious pages
_bN.A
_fPhotocopy
500 _aNA
600 _aHumanities & Natural Science
650 _aArts and Recreation
942 _cBK
999 _c12124
_d12124